Вып. 4 (113); Электронная техника. Сер. 7 : Технология и организация производства и оборудование

Dades bibliogràfiques
Parent link:Электронная техника. Сер. 7 : Технология и организация производства и оборудование: научно-технический сборник/ ЦНИИ "Электроника". Вып. 4 (113).— , 1973-1984, 1992, 1994
Idioma:rus
Publicat: 1982
Format: MixedMaterials Llibre
KOHA link:https://koha.lib.tpu.ru/cgi-bin/koha/opac-detail.pl?biblionumber=527890

MARC

LEADER 00000nam2a2200000 4500
001 527890
005 20231101111954.0
035 |a (RuTPU)RU\TPU\prd\212008 
035 |a RU\TPU\prd\212006 
090 |a 527890 
100 |a 20140204a19731994k y0rusy50 ca 
101 0 |a rus 
102 |a RU 
200 0 |a Вып. 4 (113) 
210 |d 1982 
461 1 |0 (RuTPU)RU\TPU\prd\1059  |t Электронная техника. Сер. 7 : Технология и организация производства и оборудование  |o научно-технический сборник  |f ЦНИИ "Электроника"  |v Вып. 4 (113)  |d 1973-1984, 1992, 1994 
801 0 |a RU  |b 63413507  |c 20010227  |g PSBO 
801 1 |a RU  |b 63413507  |c 20060912  |g PSBO 
801 2 |a RU  |b 63413507  |c 20180426  |g PSBO 
942 |c BK 
999 |a НТБ_ТПУ  |b НФ  |e -14/20140109  |p П-7604  |u 0,00  |v 1